1906 1792 1112 1807 1109 1402 1686 1102 1925 1867 1221 1776 1482 1655 1837 1488 1636 1433 1822 1416 1251 1134 1601 1431 1601 1184 1250 1005 1874 1444 1411 1452 1211 1796 1126 1963 1028 1313 1334 1155 1042 1757 1300 1024 1422 1883 1400 1880 1221 1644 1886 1725 1703 1544 1783 1972 1038 1117 1490 1511 1611 1745 1729 1622 1299 1297 1872 1100 1060 1611 1343 1668 1310 1720 1928 1713 1625 1550 1082 1304 1437 1568 1624 1884 1311 1527 1077 1035 1981 1188 1986 1447 1359 1965 1168 1824 1871 1915 1058 BCNSPRNW ULIB Ver.6.0+V

เปลี่ยนเป็นภาษาไทย

Change to English
 แสดงรายละเอียดบรรณานุกรม
  กลับหน้าหลัก

Brief Record : Get Marc (ISO 2709) : E-mail record : QR code < ปิดหน้าต่าง
LEADER : 00000nam 2200000uu 4500
001    13399110419
003     ULIB
008    110526s2553||||th 000 0 tha d
020    9789744141439
050  4 JQ1745 ^bค183ก 2553
100 0  คอตเลอร์, ฟิลิป
245 10 การตลาดสำหรับภาครัฐ =^bMarketing in public sector /^cผู้เขียน, Philip Kotler และ Nancy Lee
246 31 Marketing in public sector
250    พิมพ์ครั้งที่ 1
260    กรุงเทพฯ :^bเอ็กซเปอร์เน็ท,^c2553
300    438 หน้า :^bภาพประกอบ ;^c26 ซม.
440  0 ชุดเครื่องมือการบริหารสมัยใหม่
650  7 การบริหารรัฐกิจ^zไทย
650  7 การตลาด
945    ^p350^l0^i18169
995    เกษร
999    ^aใช้งานได้ทุกระบบ
รายการนี้ยังไม่มีแท็ก
คุณยังไม่ได้ล็อกอิน คุณสามารถมีกิจกรรมร่วมกับเว็บไซต์ได้ แต่ต้องล็อกอินก่อน ::
  ล็อกอิน

รายการสื่อสารสนเทศ

ลำดับที่ ประเภท เลขเรียก/บาร์โค้ด สถานที่ สถานะ
1. วิทยาศาสตร์การแพทย์ และสุขภาพ
วิทยาศาสตร์การแพทย์ และสุขภาพ
JQ1745 ค183ก 2553  
  Barcode: 18169
ห้องสมุดวิทยาเขตสวรรค์ประชารักษ์
►นวนิยาย
บนชั้น
  ขอยืม

รายการใกล้เคียง
    ผู้แต่ง [คอตเลอร์, ฟิลิป]

    หัวเรื่อง [การตลาด]

BibComment


ยังไม่เคยถูกคอมเมนท์

คอมเมนท์ทรัพยากรรายการนี้
  คอมเมนท์: การตลาดสำหรับภาคร..


 Copyright 2026. Bcnsprnw @Library